000 01044nam a22003017a 4500
999 _c169166
_d169166
003 OSt
005 20180821060858.0
007 ta
008 180806b my a|||b |||| 00| 1 ara d
020 _a9786144087596
_cRM240.00
_qset
020 _a9786144086179
_cRM30.00
_qhardback
040 _aPPAK
_beng
_cPPAK
_erda
082 0 4 _223
_a892.73
090 0 0 _a892.73
_bRAS
_dK
245 0 0 _aرسائلي هي الأفضل = Rasayili hi al'afdal :
_bMy letters are the best /
246 1 1 _aرسائلي هي الأفضل = Rasayili hi al'afdal
_bMy letters are the best
264 1 _aBeirut, Lebanon :
_bDIGITAL FUTURE ;
_c[date of publication not identified]
300 _a36 pages :
_bcolour illustrations ;
_c22 cm
336 _2rdacontent
_atext
337 _2rdamedia
_aunmediated
338 _2rdacarrier
_avolume
490 1 _aANA AQRA' BINAFSI
_vLEVEL 1
500 _aScholastic Arabic Stories Level 1
650 1 0 _aChildren's stories, Arabic
650 2 0 _aDidactic fiction, Arabic
830 0 _aAna aqra' binafsi
_n1
942 _2ddc
_cB